000 00689cab a2200241 4500
001 X814
008 090401t1993 xxu||||| |||| 00| 0 eng d
035 _a(Sirsi) u67573
041 _aeng
245 _aRegrading of footpath
260 _c1993
350 _a0
490 _aCS Monthly : Rural Practice
_v2(9) June 1993, 6(1)
520 _aR v SoS for the Environment ex p Cowell QBD 14 May 1992.
650 _aBRIDLEWAYS
650 _aDEFINITIVE MAP MODIFICATION ORDER 1987
650 _aHIGHWAYS ACT 1989 S31
650 _aTOLLSS OF WAY
650 _aWILDLIFE AND COUNTRYSIDE ACT 1981
690 _aHIGHWAYS AND RIGHTS OF WAY-CASE LAW
942 _n0
948 _c04/03/1997
999 _c42283
_d42283